00333nam a2200121Ia 4500008004000000020001800040082001700058100001800075245003100093260005200124300000800176650002700184210210b1987 xxu||||| |||| 00| 0 eng d a81 207 0731 1 a822.33E MARC aMARYDASS (C). aCompendium of Shakespeare. aNew Delhi.bSterling Publishers (P) Ltd.,c1987 a175 aShakespeare Criticism